000 00823nam a2200265Ia 4500
003 GCL
008 140319s9999 xx 000 0 ara d
040 _aGCL /
_cGCL
082 0 4 _a520
_bم ا
100 1 _aمحمود عصام الميدانى
245 1 0 _aالاطلس الفلكى /
_cمحمود عصام الميدانى
260 _aالقاهرة :
_bدار دمشق للنشر والتوزيع والطباعة
300 _a118 ص ؛
_c30 سم
490 _aالهيئة العامة للاستعلامات
_v0
650 0 4 _aالنجوم
650 0 4 _aالارض
650 0 4 _aالكون
650 0 4 _aالكواكب
650 0 4 _aالمجموعة الشمسية
650 0 4 _aالقمر
650 0 4 _aالمجرات
650 0 4 _aالبروج
650 0 4 _aالفلك, علم
942 _2ddc
_cBK
999 _c49048
_d49048